[Event "BC Day op"]
[Site "Richmond CAN"]
[Date "2022.07.30"]
[Round "1.1"]
[White "Xu, Andrew"]
[Black "Zhu, Brandon"]
[Result "1-0"]
[WhiteElo "1841"]
[BlackElo "2169"]
[PlyCount "111"]
[EventDate "2022.07.30"]
[EventType "swiss"]
[EventRounds "6"]
[EventCountry "CAN"]

1. e4 e6 2. d4 c5 3. c3 d5 4. exd5 exd5 5. Bb5+ Nc6 6. Nf3 Nf6 7. O-O Be7 8.
dxc5 Bxc5 9. Bg5 Be6 10. Nd4 Qd7 11. Bxf6 gxf6 12. Qf3 Be7 13. c4 a6 14. Nxc6
bxc6 15. Ba4 Rc8 16. Nc3 d4 17. Ne4 f5 18. Ng3 Rg8 19. Rfe1 Kf8 20. Bc2 Rg5 21.
h4 Rg6 22. Bxf5 Rf6 23. Bxe6 Rxe6 24. Qh5 Bf6 25. Qxh7 Rce8 26. Rxe6 Qxe6 27.
h5 Qxc4 28. Qh6+ Bg7 29. Qg5 Qe6 30. Qc5+ Kg8 31. Rd1 Rd8 32. Qg5 Rd5 33. Qf4
c5 34. b3 Re5 35. Qf3 Kh7 36. Qd3+ Kh8 37. Qc2 Bh6 38. b4 Re1+ 39. Kh2 Rxd1 40.
Qxd1 Qxa2 41. Qe1 Qd5 42. Qe8+ Kg7 43. bxc5 Qxc5 44. Qe4 Qd6 45. Qxd4+ Qxd4 46.
Nf5+ Kf6 47. Nxd4 Ke5 48. Nb3 Kd5 49. g4 Kc4 50. Na5+ Kb5 51. Nb7 Kb6 52. Nd8
f6 53. Nf7 Bf4+ 54. Kg2 a5 55. Kf3 Bc1 56. Ke2 {Remaing moves illegible.} 1-0

[Event "BC Day op"]
[Site "Richmond CAN"]
[Date "2022.07.30"]
[Round "1.2"]
[White "Mohammed Qanee, Arpak Worya"]
[Black "Yang, Henry"]
[Result "1/2-1/2"]
[WhiteElo "2138"]
[BlackElo "1839"]
[PlyCount "107"]
[EventDate "2022.07.30"]
[EventType "swiss"]
[EventRounds "6"]
[EventCountry "CAN"]

1. d4 d5 2. c4 e6 3. Nf3 Nf6 4. e3 Be7 5. Nc3 c6 6. Bd3 Nbd7 7. O-O O-O 8. e4
dxe4 9. Nxe4 b6 10. Bf4 Nxe4 11. Bxe4 Bb7 12. Qa4 Qc8 13. Rad1 Rd8 14. Rfe1 Nf6
15. Bb1 g6 16. a3 Bf8 17. Bg5 Bg7 18. Be4 h6 19. Bxf6 Bxf6 20. Qc2 Qc7 21. b4
Kg7 22. a4 a6 23. g3 Rd7 24. Ne5 Bxe5 25. dxe5 Rad8 26. f4 c5 27. Bxb7 Qxb7 28.
bxc5 bxc5 29. Rxd7 Qxd7 30. Kg2 Qd2+ 31. Re2 Qxc2 32. Rxc2 Rd3 33. h4 h5 34.
Kf2 Ra3 35. Rb2 Rxa4 36. Rb6 Rxc4 37. Rxa6 Rc2+ 38. Kf3 Rc3+ 39. Kf2 Kf8 40.
Ra7 c4 41. Rc7 Rc2+ 42. Ke3 c3 43. Kd4 Rd2+ 44. Ke3 Rg2 45. Kf3 Rc2 46. Ke3 Rc1
47. Kf3 c2 48. Kg2 Ke8 49. Kh2 Kd8 50. Rc3 Ke7 51. Rc7+ Kd8 52. Rc3 Ke7 53.
Rc7+ Kd8 54. Rc3 1/2-1/2

[Event "BC Day op"]
[Site "Richmond CAN"]
[Date "2022.07.30"]
[Round "1.3"]
[White "Landingin, Jofrel"]
[Black "Villanueva, Rod"]
[Result "0-1"]
[WhiteElo "1824"]
[BlackElo "2112"]
[PlyCount "91"]
[EventDate "2022.07.30"]
[EventType "swiss"]
[EventRounds "6"]
[EventCountry "CAN"]

1. e4 c5 2. Nf3 Nc6 3. d4 cxd4 4. Nxd4 Nf6 5. Nc3 e5 6. Ndb5 d6 7. a4 Be6 8.
Be2 a6 9. Na3 d5 10. exd5 Nxd5 11. Nab1 Bc5 12. O-O O-O 13. Nxd5 Bxd5 14. Nc3
Be6 15. Qxd8 Raxd8 16. Ne4 Be7 17. c3 f5 18. Ng3 Na5 19. b4 Nb3 20. Rb1 Nd2 21.
Bxd2 Rxd2 22. Rfe1 Rc8 23. Rbc1 g6 24. Bf1 Bf6 25. f3 h5 26. Nh1 Kf7 27. a5 Bc4
28. Nf2 Bxf1 29. Kxf1 Bg5 30. Nh3 Bh6 31. Rxe5 Rxg2 32. Rce1 Rxh2 33. Re7+ Kf8
34. Nf2 Rxc3 35. Kg1 Bf4 36. Rxb7 Rc2 37. Nd3 Rhg2+ 38. Kh1 Rh2+ 39. Kg1 Rcg2+
40. Kf1 Rd2 41. Nf2 Rdxf2+ 42. Kg1 h4 43. Ree7 h3 44. Rf7+ Ke8 45. Rh7 Rhg2+
46. Kh1 0-1

[Event "BC Day op"]
[Site "Richmond CAN"]
[Date "2022.07.30"]
[Round "1.4"]
[White "Song, Ethan"]
[Black "Talosig, Jaylord"]
[Result "1/2-1/2"]
[WhiteElo "2060"]
[BlackElo "1809"]
[PlyCount "188"]
[EventDate "2022.07.30"]
[EventType "swiss"]
[EventRounds "6"]
[EventCountry "CAN"]

1. e4 c5 2. Nf3 Nc6 3. d4 cxd4 4. Nxd4 Nf6 5. Nc3 e5 6. Ndb5 d6 7. Bg5 a6 8.
Na3 b5 9. Nd5 Be7 10. Bxf6 Bxf6 11. c3 O-O 12. Be2 Rb8 13. O-O Bg5 14. Qd3 Ne7
15. Rad1 Be6 16. c4 bxc4 17. Nxe7+ Bxe7 18. Nxc4 Rb4 19. b3 Qb8 20. Rc1 Rc8 21.
Na5 Rb6 22. Qe3 h6 23. Rxc8+ Bxc8 24. Rc1 Bd7 25. Qc3 Bg5 26. Rd1 Qe8 27. Nc4
Rc6 28. Rxd6 Bf6 29. Rxc6 Bxc6 30. Bd3 Qd7 31. h3 Bb5 32. a4 Bxc4 33. Bxc4 Qc7
34. Qd3 a5 35. Qd5 Bg5 36. g3 h5 37. h4 Bc1 38. Qd1 Bb2 39. Qxh5 Bd4 40. Qf5
Qe7 41. Kg2 Kf8 42. Bb5 g6 43. Qf3 Kg7 44. h5 g5 45. Bc4 Qf6 46. Qe2 Kh6 47.
Bd5 Bc5 48. f3 Bb4 49. Qc4 Kg7 50. Qc8 Be1 51. Qd7 Bb4 52. Qe8 Qe7 53. Qc6 Qd6
54. Qc4 Qe7 55. h6+ Kxh6 56. Bxf7 Kg7 57. Bd5 Qc5 58. Qe2 Qd6 59. Qe3 Qe7 60.
f4 Bc5 61. Qf3 Qf6 62. f5 Kh6 63. Qg4 Kg7 64. Be6 Bb4 65. Qh5 Kf8 66. Kh3 Bc3
67. Kg4 Bd2 68. Bd7 Kg7 69. Qe8 Bb4 70. Be6 Bf8 71. b4 Bxb4 72. Qg8+ Kh6 73.
Bf7 Be7 74. Bg6 Qg7 75. Qa8 Bb4 76. Qa6 Qe7 77. Qf1 Kg7 78. Qh3 Qf6 79. Qh7+
Kf8 80. Qc7 Qe7 81. Qc1 Kg7 82. Bh5 Ba3 83. Qd2 Bb4 84. Qe3 Kh6 85. Qb6+ Qd6
86. Qxd6+ Bxd6 87. f6 Bb4 88. Be8 Be1 89. Kf3 Kh7 90. g4 Kg8 91. Ke2 Bb4 92.
Kd3 Kf8 93. Bh5 Be1 94. Kc4 Bd2 1/2-1/2

[Event "BC Day op"]
[Site "Richmond CAN"]
[Date "2022.07.30"]
[Round "1.5"]
[White "Leong, Aiden"]
[Black "Su, Ethan"]
[Result "1/2-1/2"]
[WhiteElo "1793"]
[BlackElo "2037"]
[PlyCount "176"]
[EventDate "2022.07.30"]
[EventType "swiss"]
[EventRounds "6"]
[EventCountry "CAN"]

1. e4 c5 2. Nf3 d6 3. d4 cxd4 4. Nxd4 Nf6 5. Nc3 a6 6. Be3 e5 7. Nb3 Be6 8. f3
Be7 9. Qd2 O-O 10. O-O-O Nbd7 11. g4 b5 12. g5 b4 13. gxf6 bxc3 14. Qxc3 Nxf6
15. Na5 Rc8 16. Nc6 Qe8 17. Nxe7+ Qxe7 18. Qa5 Rc6 19. Kb1 Rfc8 20. Rg1 Nh5 21.
Rd2 Nf4 22. Bxf4 exf4 23. Qg5 Qxg5 24. Rxg5 f6 25. Ra5 Ra8 26. Rd4 Rb6 27. Rda4
Rab8 28. b3 Bd7 29. Ra3 Bb5 30. c4 Bc6 31. Rxa6 f5 32. Bg2 fxe4 33. fxe4 g5 34.
Kc2 g4 35. Rxb6 Rxb6 36. Kd3 Kg7 37. Ra5 Kg6 38. h4 h6 39. h5+ Kg7 40. Rf5 f3
41. Bh1 Ra6 42. Rf4 Bd7 43. a4 Ra5 44. Bxf3 gxf3 45. Rxf3 Rxh5 46. Kc3 Re5 47.
Rd3 Rxe4 48. Rxd6 Bg4 49. a5 h5 50. Kd3 Re1 51. Rd4 Bf3 52. Rf4 Bg2 53. b4 Kg6
54. Rf8 Bf1+ 55. Kd2 Rb1 56. a6 Bxc4 57. a7 Bd5 58. a8=Q Bxa8 59. Rxa8 Rxb4 60.
Ke3 Kg5 61. Rg8+ Kh4 62. Kf3 Kh3 63. Rg5 h4 64. Rg6 Rb3+ 65. Kf2 Rg3 66. Rh6
Rg4 67. Kf3 Ra4 68. Rg6 Kh2 69. Rg7 h3 70. Kf2 Rf4+ 71. Ke3 Rf1 72. Ke2 Rf5 73.
Rg6 Kh1 74. Rg7 h2 75. Rg6 Rf8 76. Rg7 Rf5 77. Rg6 Ra5 78. Kf2 Ra2+ 79. Kf1
Ra1+ 80. Kf2 Rg1 81. Rf6 Rg2+ 82. Kf1 Rg1+ 83. Kf2 Rg7 84. Rf5 Ra7 85. Rg5 Rf7+
86. Ke2 Rf4 87. Rg6 Rf5 88. Rg7 Rf6 1/2-1/2

[Event "BC Day op"]
[Site "Richmond CAN"]
[Date "2022.07.30"]
[Round "2.1"]
[White "Villanueva, Rod"]
[Black "Qu, Leo"]
[Result "0-1"]
[WhiteElo "2112"]
[BlackElo "1926"]
[PlyCount "66"]
[EventDate "2022.07.30"]
[EventType "swiss"]
[EventRounds "6"]
[EventCountry "CAN"]

1. d4 Nf6 2. c4 g6 3. Nc3 Bg7 4. e4 d6 5. Be2 O-O 6. Nf3 Nbd7 7. O-O e5 8. d5
Nc5 9. Qc2 a5 10. Bg5 h6 11. Bh4 Bd7 12. Nd2 Qe8 13. f3 Nh5 14. b3 Nf4 15. a3
f5 16. Bf2 b6 17. Rfc1 g5 18. Bf1 g4 19. fxg4 fxg4 20. b4 Na6 21. Rab1 Qf7 22.
Be3 h5 23. Nb5 Bh6 24. Qc3 h4 25. g3 hxg3 26. hxg3 Qh5 27. Rc2 axb4 28. axb4
Rf7 29. Nb3 Nh3+ 30. Bxh3 Qxh3 31. Qe1 Rf3 32. Bf2 Be3 33. Bxe3 Rxg3+ 0-1

[Event "BC Day op"]
[Site "Richmond CAN"]
[Date "2022.07.30"]
[Round "2.2"]
[White "Yang, Brian"]
[Black "Jiang, Kate"]
[Result "0-1"]
[WhiteElo "2005"]
[BlackElo "1852"]
[PlyCount "114"]
[EventDate "2022.07.30"]
[EventType "swiss"]
[EventRounds "6"]
[EventCountry "CAN"]

1. e4 e5 2. Nf3 Nc6 3. Bc4 Nf6 4. d3 Bc5 5. c3 d6 6. O-O h6 7. Re1 O-O 8. h3
Re8 9. Nbd2 Be6 10. b4 Bb6 11. a4 a6 12. Bxe6 Rxe6 13. Qc2 d5 14. Nb3 d4 15.
Nc5 Bxc5 16. bxc5 dxc3 17. Qxc3 Qd7 18. Be3 a5 19. Reb1 Rb8 20. Rb5 Qc8 21.
Rab1 Nd7 22. Nd2 Ra8 23. Nc4 Ra7 24. Nxa5 Nxa5 25. Rxa5 Rxa5 26. Qxa5 b6 27.
Qb5 bxc5 28. a5 Ra6 29. Bxc5 Ra8 30. d4 c6 31. Qa4 Qa6 32. Bd6 exd4 33. Qxd4
Qxa5 34. Bb4 Qc7 35. Bc3 Nf6 36. e5 Rd8 37. Qh4 Nd5 38. Ba1 Rb8 39. Rc1 Rb4 40.
Qg3 Nf4 41. Qf3 c5 42. Bc3 Ra4 43. Bd2 Qxe5 44. Re1 Qd6 45. Bc3 Ne6 46. Rd1 Qf4
47. Qe2 Qc4 48. Qe5 Qe4 49. Qb8+ Kh7 50. Qe8 Rc4 51. Ba1 Qe2 52. Rf1 Rf4 53.
Qc6 Qe4 54. Qb6 Rf5 55. Rc1 Rg5 56. g3 Nf4 57. Rb1 Qg2# 0-1

[Event "BC Day op"]
[Site "Richmond CAN"]
[Date "2022.07.30"]
[Round "2.3"]
[White "Xu, Andrew"]
[Black "Wu, Nathan"]
[Result "1/2-1/2"]
[WhiteElo "1841"]
[BlackElo "1992"]
[PlyCount "148"]
[EventDate "2022.07.30"]
[EventType "swiss"]
[EventRounds "6"]
[EventCountry "CAN"]

1. e4 d5 2. exd5 Qxd5 3. Nc3 Qd6 4. d4 c6 5. Nf3 Nf6 6. h3 Bf5 7. Bd3 Bxd3 8.
Qxd3 e6 9. Bd2 Nbd7 10. Ne4 Nxe4 11. Qxe4 Qc7 12. O-O Bd6 13. c4 O-O 14. Bc3
Nf6 15. Qc2 b5 16. Rac1 bxc4 17. Bd2 Rab8 18. Rb1 c5 19. Qxc4 cxd4 20. Qxc7
Bxc7 21. Nxd4 Ne4 22. Be3 Bb6 23. Rfe1 Nf6 24. Nc6 Rb7 25. b3 Bxe3 26. Rxe3 Nd5
27. Rd3 Rc7 28. Ne5 Rfc8 29. Nc4 Nb6 30. Nxb6 axb6 31. Rbd1 g6 32. Kf1 b5 33.
Ke2 Kg7 34. a4 bxa4 35. bxa4 Rc5 36. Rd4 Ra5 37. R1d2 Rcc5 38. Kd3 Rc1 39. Ke3
Ra1 40. Rc2 R5xa4 41. Rxa4 Rxa4 42. Rc7 Kf6 43. Rb7 h6 44. Rc7 g5 45. Rb7 Kg6
46. Rb6 Kf5 47. Rb5+ e5 48. Rb6 Ra3+ 49. Ke2 f6 50. Rb8 Ra4 51. Rh8 Rh4 52. Ra8
h5 53. Rh8 g4 54. hxg4+ Kxg4 55. Rg8+ Kf5 56. Rh8 Rh1 57. Kf3 Ke6 58. Re8+ Kf7
59. Ra8 Rb1 60. Ra7+ Kg6 61. Ra6 Rb3+ 62. Ke2 Kg5 63. Ra8 Kf4 64. Ra4+ e4 65.
g3+ Kf5 66. Ra5+ Kg4 67. Ra8 Rc3 68. Rb8 Ra3 69. Rc8 Kf5 70. Rc5+ Kg6 71. Rc6
Kg5 72. Rc8 f5 73. Rg8+ Kf6 74. Rf8+ Kg5 1/2-1/2

[Event "BC Day op"]
[Site "Richmond CAN"]
[Date "2022.07.30"]
[Round "2.4"]
[White "Russell, Wesley"]
[Black "Liu, Zachary"]
[Result "0-1"]
[WhiteElo "1697"]
[BlackElo "1963"]
[PlyCount "180"]
[EventDate "2022.07.30"]
[EventType "swiss"]
[EventRounds "6"]
[EventCountry "CAN"]

1. e4 c5 2. c3 d5 3. exd5 Qxd5 4. d4 Nc6 5. Nf3 Bg4 6. Be2 e6 7. O-O Nf6 8. Be3
cxd4 9. cxd4 Be7 10. Nc3 Qd6 11. Qb3 O-O 12. Rfd1 Nb4 13. Nb5 Qd8 14. Rac1 a6
15. Nc3 b5 16. Ne5 Bxe2 17. Nxe2 Qd5 18. Qxd5 Nbxd5 19. Nd3 Bd6 20. h3 Rfc8 21.
Nc5 Rc7 22. a3 a5 23. Nc3 Nxc3 24. Rxc3 Nd5 25. Rcc1 Rac8 26. Ne4 Be7 27. Nc5
h6 28. Nd3 Kf8 29. Nf4 Nxe3 30. Rxc7 Rxc7 31. fxe3 Rc2 32. Nd3 Bg5 33. e4 Be3+
34. Kh1 Bxd4 35. Nb4 axb4 36. Rxd4 bxa3 37. bxa3 Ke7 38. Rb4 Rc1+ 39. Kh2 Rc5
40. a4 bxa4 41. Rxa4 e5 42. Kg3 Rc6 43. Ra5 Kf6 44. Kf2 h5 45. Kf3 Rc3+ 46. Kf2
Rc2+ 47. Kf3 h4 48. Ra6+ Kg5 49. Ra7 Kg6 50. Ra6+ f6 51. Ra7 Rc3+ 52. Kf2 Rc2+
53. Kf3 Kh6 54. Ra8 Rc3+ 55. Kf2 Rc2+ 56. Kf3 Kg5 57. Rh8 g6 58. Rg8 Rc3+ 59.
Kf2 Kf4 60. Rxg6 Rc2+ 61. Kg1 Kxe4 62. Rxf6 Ke3 63. Rf3+ Kd4 64. Rf8 e4 65.
Rd8+ Ke3 66. Re8 Rc1+ 67. Kh2 Kd3 68. Re7 e3 69. Rd7+ Kc3 70. Rc7+ Kd2 71. Rd7+
Ke1 72. Rd3 Kf2 73. Rd8 e2 74. Rf8+ Ke3 75. Re8+ Kd3 76. Rd8+ Kc3 77. Rc8+ Kb2
78. Rb8+ Ka3 79. Ra8+ Kb4 80. Rb8+ Ka5 81. Ra8+ Kb6 82. Re8 e1=Q 83. Rxe1 Rxe1
84. g3 Re2+ 85. Kh1 hxg3 86. h4 Kc5 87. h5 Kd4 88. h6 Ke4 89. h7 Kf3 90. h8=Q
Re1# 0-1

[Event "BC Day op"]
[Site "Richmond CAN"]
[Date "2022.07.30"]
[Round "2.5"]
[White "Yu, Christopher"]
[Black "Mohammed Qanee, Arpak Worya"]
[Result "0-1"]
[WhiteElo "1566"]
[BlackElo "2138"]
[PlyCount "86"]
[EventDate "2022.07.30"]
[EventType "swiss"]
[EventRounds "6"]
[EventCountry "CAN"]

1. e4 c5 2. Nc3 g6 3. g3 Bg7 4. Bg2 Nc6 5. d3 d6 6. f4 Nf6 7. Nf3 Bg4 8. O-O
O-O 9. h3 Bxf3 10. Bxf3 Nd4 11. Bg2 Rb8 12. Ne2 Nd7 13. c3 Nxe2+ 14. Qxe2 b5
15. Be3 b4 16. d4 bxc3 17. bxc3 Qa5 18. Rac1 Qa3 19. Rc2 Rfc8 20. e5 cxd4 21.
Bxd4 e6 22. Rfc1 dxe5 23. fxe5 Qa5 24. Re1 Rc7 25. h4 Rbc8 26. h5 Nb6 27. hxg6
hxg6 28. Qe4 Nd5 29. Rec1 Ne7 30. g4 Nc6 31. Qe2 Bh6 32. Bxc6 Bxc1 33. Bg2 Bh6
34. Rb2 Bf8 35. Rb5 Qa3 36. Rb3 Qc1+ 37. Kh2 Qf4+ 38. Kh1 Bc5 39. Rb1 Bxd4 40.
cxd4 Rc1+ 41. Rxc1 Rxc1+ 42. Bf1 Qxf1+ 43. Qxf1 Rxf1+ 0-1

[Event "BC Day op"]
[Site "Richmond CAN"]
[Date "2022.07.31"]
[Round "3.1"]
[White "Liu, Zachary"]
[Black "Qu, Leo"]
[Result "1/2-1/2"]
[WhiteElo "1963"]
[BlackElo "1926"]
[PlyCount "73"]
[EventDate "2022.07.30"]
[EventType "swiss"]
[EventRounds "6"]
[EventCountry "CAN"]

1. e4 c6 2. d4 d5 3. exd5 cxd5 4. Bd3 Nc6 5. c3 Nf6 6. h3 g6 7. Qc2 Qc7 8. Nf3
Bg7 9. O-O O-O 10. Re1 Nh5 11. Qe2 Nf4 12. Bxf4 Qxf4 13. Ne5 Nxe5 14. dxe5 Bf5
15. Bxf5 Qxf5 16. Na3 a6 17. Rac1 Rac8 18. Nc2 e6 19. Nd4 Qg5 20. g3 h5 21. Kg2
Bh6 22. f4 Qe7 23. Qf2 b5 24. a3 Rc4 25. Rcd1 Rb8 26. g4 a5 27. gxh5 b4 28.
axb4 axb4 29. Qg3 Kh7 30. hxg6+ fxg6 31. Kh1 bxc3 32. bxc3 Qf7 33. Rf1 Rb2 34.
Rf3 Ra4 35. Qg4 Raa2 36. Qxe6 Rh2+ 37. Kg1 1/2-1/2

[Event "BC Day op"]
[Site "Richmond CAN"]
[Date "2022.07.31"]
[Round "3.2"]
[White "Jiang, Kate"]
[Black "Mohammed Qanee, Arpak Worya"]
[Result "0-1"]
[WhiteElo "1852"]
[BlackElo "2138"]
[PlyCount "126"]
[EventDate "2022.07.30"]
[EventType "swiss"]
[EventRounds "6"]
[EventCountry "CAN"]

1. e4 c5 2. c3 Nf6 3. e5 Nd5 4. d4 cxd4 5. Nf3 Nc6 6. cxd4 d6 7. Bc4 dxe5 8.
dxe5 e6 9. O-O Be7 10. Qe2 Nb6 11. Rd1 Qc7 12. Bb3 Bd7 13. Nc3 Na5 14. Bc2
O-O-O 15. Bg5 Bc6 16. Bxe7 Qxe7 17. Be4 Kb8 18. Nb5 f5 19. Bxc6 Nxc6 20. Rac1
Rxd1+ 21. Qxd1 Rd8 22. Qe2 Rd5 23. a3 g5 24. Nc3 Rd7 25. b4 g4 26. Nd2 Qg5 27.
Ncb1 Qf4 28. Re1 Nd4 29. Qe3 Qxe3 30. Rxe3 Nd5 31. Re1 Nf4 32. Kf1 Nd3 33. Rd1
Nxe5 34. Re1 Ng6 35. Nc4 Rc7 36. Ne3 h5 37. Rd1 e5 38. Nd2 b5 39. Nd5 Rc2 40.
Nb1 Kb7 41. Nf6 h4 42. Nd7 Kc6 43. Nc5 Nf4 44. a4 bxa4 45. Nxa4 g3 46. hxg3
hxg3 47. fxg3 Nxg2 48. Rd2 Ne3+ 49. Kf2 Ng4+ 50. Kg2 Rxd2+ 51. Nxd2 Kb5 52. Nc5
a5 53. Nd3 axb4 54. Nb2 b3 55. Nd3 e4 56. Nc1 Kb4 57. Nb1 b2 58. Na2+ Kb3 59.
Nac3 Kc2 60. Kf1 e3 61. Ke1 Ne5 62. Kf1 Nef3 63. Kg2 Nd2 0-1

[Event "BC Day op"]
[Site "Richmond CAN"]
[Date "2022.07.31"]
[Round "3.3"]
[White "Wu, Nathan"]
[Black "Su, Ethan"]
[Result "1/2-1/2"]
[WhiteElo "1992"]
[BlackElo "2037"]
[PlyCount "69"]
[EventDate "2022.07.30"]
[EventType "swiss"]
[EventRounds "6"]
[EventCountry "CAN"]

1. d4 Nf6 2. Bf4 d5 3. e3 c5 4. Nc3 e6 5. Nb5 Na6 6. c3 Be7 7. a4 O-O 8. Nf3
Nh5 9. Be5 f6 10. Bg3 Nxg3 11. hxg3 Nc7 12. Bd3 g6 13. Bxg6 hxg6 14. Nh4 Ne8
15. Nxg6 Ng7 16. Nxf8 Bxf8 17. dxc5 Bxc5 18. Qd3 f5 19. O-O-O Bd7 20. Rh4 a6
21. Nd4 Be7 22. Rh3 Kf7 23. Rh7 Bf6 24. f4 Bxa4 25. Rdh1 Qb6 26. R1h6 Bxd4 27.
exd4 Rg8 28. g4 Qc7 29. Qe3 Bd7 30. gxf5 exf5 31. Qg3 Be8 32. Qg5 Kf8 33. g3
Qe7 34. Rf6+ Bf7 35. Qh4 1/2-1/2

[Event "BC Day op"]
[Site "Richmond CAN"]
[Date "2022.07.31"]
[Round "3.4"]
[White "Cheng, Louis"]
[Black "Xu, Andrew"]
[Result "1/2-1/2"]
[WhiteElo "2007"]
[BlackElo "1841"]
[PlyCount "63"]
[EventDate "2022.07.30"]
[EventType "swiss"]
[EventRounds "6"]
[EventCountry "CAN"]

1. d4 Nf6 2. c4 g6 3. g3 d5 4. Bg2 Bg7 5. cxd5 Nxd5 6. e3 O-O 7. Nc3 c6 8. Nge2
Nxc3 9. bxc3 e5 10. O-O exd4 11. exd4 Nd7 12. a4 a5 13. Nf4 Nf6 14. Qb3 Qc7 15.
Rb1 Ra7 16. h4 b5 17. axb5 cxb5 18. Qxb5 Ba6 19. Qa4 Bxf1 20. Kxf1 Qxc3 21. Ba3
Ng4 22. Bxf8 Qd2 23. Ne2 Bxf8 24. d5 Nh2+ 25. Kg1 Qxe2 26. Kxh2 Qxf2 27. Qc6
Qc5 28. Rb8 Qxc6 29. dxc6 Kg7 30. Rb7 Rxb7 31. cxb7 Bd6 32. Bc6 1/2-1/2

[Event "BC Day op"]
[Site "Richmond CAN"]
[Date "2022.07.31"]
[Round "3.5"]
[White "Qian, Jessica"]
[Black "Villanueva, Rod"]
[Result "0-1"]
[WhiteElo "1577"]
[BlackElo "2112"]
[PlyCount "42"]
[EventDate "2022.07.30"]
[EventType "swiss"]
[EventRounds "6"]
[EventCountry "CAN"]

1. e4 c5 2. Nf3 Nc6 3. Bb5 g6 4. O-O Bg7 5. c3 Nf6 6. e5 Nd5 7. d4 Nc7 8. Bxc6
dxc6 9. h3 Bf5 10. Re1 O-O 11. Nbd2 cxd4 12. Nxd4 Bd7 13. Nf1 c5 14. Nf3 Bc6
15. Qe2 h6 16. Ng3 Ne6 17. h4 Qc7 18. Nh2 Rad8 19. f4 c4 20. Qxc4 Qb6+ 21. Kh1
Qf2 0-1

[Event "BC Day op"]
[Site "Richmond CAN"]
[Date "2022.07.31"]
[Round "4.1"]
[White "Mohammed Qanee, Arpak Worya"]
[Black "Liu, Zachary"]
[Result "1/2-1/2"]
[WhiteElo "2138"]
[BlackElo "1963"]
[PlyCount "78"]
[EventDate "2022.07.30"]
[EventType "swiss"]
[EventRounds "6"]
[EventCountry "CAN"]

1. e4 c5 2. Nf3 Nc6 3. Bb5 e6 4. O-O Nge7 5. c3 d5 6. exd5 Qxd5 7. d4 cxd4 8.
c4 Qd8 9. Nxd4 Bd7 10. Nf3 Ng6 11. Nc3 a6 12. Ba4 Nce5 13. Nxe5 Nxe5 14. Qe2
Bxa4 15. Qxe5 Bc6 16. b4 Qd6 17. Qxd6 Bxd6 18. b5 axb5 19. cxb5 Bd7 20. a4 Be5
21. Ra3 Bxc3 22. Rxc3 Rxa4 23. Rc7 Bxb5 24. Rc8+ Kd7 25. Rxh8 Bxf1 26. Kxf1 Ra1
27. Rxh7 Rxc1+ 28. Ke2 Ke7 29. Rxg7 b5 30. h4 b4 31. Rg4 b3 32. Rb4 Rc2+ 33.
Ke3 b2 34. g4 Kf6 35. f4 Rc3+ 36. Kf2 Rc2+ 37. Kf3 Rc3+ 38. Kf2 Rc2+ 39. Kf3
Rc3+ 1/2-1/2

[Event "BC Day op"]
[Site "Richmond CAN"]
[Date "2022.07.31"]
[Round "4.2"]
[White "Qu, Leo"]
[Black "Cheng, Louis"]
[Result "0-1"]
[WhiteElo "1926"]
[BlackElo "2007"]
[PlyCount "114"]
[EventDate "2022.07.30"]
[EventType "swiss"]
[EventRounds "6"]
[EventCountry "CAN"]

1. d4 Nf6 2. Nc3 d5 3. Bf4 c5 4. e3 Qa5 5. dxc5 Nc6 6. Nf3 Ne4 7. Qd3 Bf5 8.
Qxd5 Nxc3 9. Qxf5 g6 10. Qd3 Bg7 11. Nd4 Nd5+ 12. c3 Nxf4 13. exf4 Bxd4 14. b4
Nxb4 15. Qb5+ Qxb5 16. Bxb5+ Kf8 17. cxd4 Nc2+ 18. Kd2 Nxa1 19. Rxa1 e6 20. Ke3
Ke7 21. Bd3 Rab8 22. Rb1 b6 23. c6 Kd6 24. Rc1 Rhc8 25. Be4 b5 26. Rc5 Rb6 27.
Kd3 Ra6 28. Rc2 f5 29. Bf3 Ra3+ 30. Ke2 b4 31. g3 a5 32. Bg2 a4 33. Kd2 b3 34.
axb3 Rxb3 35. Rc4 a3 36. Ra4 Rb2+ 37. Ke3 Rb3+ 38. Kd2 h6 39. h4 Rb2+ 40. Ke3
a2 41. Ra7 Rxc6 42. Bxc6 Kxc6 43. f3 Kb5 44. Kd3 Rf2 45. Ke3 Rg2 46. g4 Kb4 47.
g5 h5 48. d5 exd5 49. Kd4 Kb3 50. Kxd5 Rg1 51. Ke6 a1=Q 52. Rb7+ Kc4 53. Kf7
Qa5 54. Re7 Qd8 55. Re6 Qd5 56. Kf6 Qxe6+ 57. Kxe6 Ra1 0-1

[Event "BC Day op"]
[Site "Richmond CAN"]
[Date "2022.07.31"]
[Round "4.3"]
[White "Villanueva, Rod"]
[Black "Jiang, Kate"]
[Result "0-1"]
[WhiteElo "2112"]
[BlackElo "1852"]
[PlyCount "106"]
[EventDate "2022.07.30"]
[EventType "swiss"]
[EventRounds "6"]
[EventCountry "CAN"]

1. e4 e5 2. Nf3 Nc6 3. Bb5 a6 4. Ba4 Nf6 5. O-O Be7 6. c3 b5 7. Bb3 d6 8. Re1
O-O 9. h3 Nb8 10. d4 Nbd7 11. Nbd2 Bb7 12. Bc2 Re8 13. Nf1 Bf8 14. Ng3 g6 15.
Bg5 h6 16. Bd2 Bg7 17. a4 c5 18. b3 Qc7 19. d5 Kh7 20. Nh2 Ng8 21. Qf3 Rf8 22.
h4 Qd8 23. h5 Bf6 24. Ng4 Bg5 25. Bxg5 Qxg5 26. Ne3 Ngf6 27. Bd3 b4 28. Nc4 Ne8
29. a5 bxc3 30. Kf1 Qe7 31. Ke2 Nc7 32. Ne3 Nb5 33. Bxb5 axb5 34. Rh1 Qg5 35.
Kd3 b4 36. Rh3 Ba6+ 37. Kc2 Qf4 38. hxg6+ fxg6 39. Rah1 Kg7 40. Rxh6 Nf6 41.
Nef5+ gxf5 42. Rh7+ Kg8 43. Rh8+ Kf7 44. R1h7+ Nxh7 45. Rxh7+ Kg8 46. Rg7+ Kxg7
47. Nh5+ Kg8 48. Nxf4 exf4 49. exf5 Bc8 50. Qg4+ Kf7 51. Qxf4 Rxa5 52. g4 Ra2+
53. Kc1 Re8 0-1

[Event "BC Day op"]
[Site "Richmond CAN"]
[Date "2022.07.31"]
[Round "4.4"]
[White "Su, Ethan"]
[Black "Leblanc, Paul"]
[Result "0-1"]
[WhiteElo "2037"]
[BlackElo "1732"]
[PlyCount "88"]
[EventDate "2022.07.30"]
[EventType "swiss"]
[EventRounds "6"]
[EventCountry "CAN"]

1. d4 d5 2. c4 c6 3. Nf3 Nf6 4. g3 Bf5 5. Nc3 e6 6. Bg2 Nbd7 7. O-O h6 8. Re1
Be7 9. Nd2 O-O 10. f3 Bg6 11. e4 Qb6 12. c5 Qc7 13. b4 e5 14. Nb3 Rad8 15. exd5
Nxd5 16. Nxd5 cxd5 17. Bb2 Bf6 18. Qd2 Rfe8 19. Re2 exd4 20. Bxd4 a6 21. Rae1
Rxe2 22. Rxe2 Bxd4+ 23. Nxd4 Nf6 24. Qe1 Kf8 25. a4 a5 26. Qc3 axb4 27. Qxb4
Kg8 28. Nb5 Qc6 29. Nd6 b6 30. Qb5 Qxc5+ 31. Qxc5 bxc5 32. Nb7 Rc8 33. a5 c4
34. a6 c3 35. Re1 c2 36. Rc1 d4 37. Nd6 Ra8 38. Bf1 d3 39. Ne4 Bxe4 40. fxe4 d2
41. Rxc2 d1=Q 42. Rc6 Qd4+ 43. Kh1 Qxe4+ 44. Bg2 Qe1+ 0-1

[Event "BC Day op"]
[Site "Richmond CAN"]
[Date "2022.07.31"]
[Round "4.5"]
[White "Yang, Brian"]
[Black "Xu, Andrew"]
[Result "0-1"]
[WhiteElo "2005"]
[BlackElo "1841"]
[PlyCount "50"]
[EventDate "2022.07.30"]
[EventType "swiss"]
[EventRounds "6"]
[EventCountry "CAN"]

1. e4 e5 2. Nf3 Nc6 3. Bc4 Nf6 4. d3 Be7 5. O-O O-O 6. Re1 d6 7. a4 Bg4 8. c3
Re8 9. h3 Bh5 10. Nbd2 d5 11. exd5 Nxd5 12. a5 Nf4 13. Ne4 Bd6 14. Ng3 Bg6 15.
a6 bxa6 16. Rxa6 Nb8 17. Ra4 Nd7 18. Be3 Nb6 19. Ra5 e4 20. Bb5 Nxd3 21. Bxe8
Nxe1 22. Bc6 Nxf3+ 23. gxf3 Bxg3 24. Qf1 Bh2+ 25. Kh1 Rb8 0-1

[Event "BC Day op"]
[Site "Richmond CAN"]
[Date "2022.08.01"]
[Round "5.1"]
[White "Xu, Andrew"]
[Black "Mohammed Qanee, Arpak Worya"]
[Result "1-0"]
[WhiteElo "1841"]
[BlackElo "2138"]
[PlyCount "161"]
[EventDate "2022.07.30"]
[EventType "swiss"]
[EventRounds "6"]
[EventCountry "CAN"]

1. e4 c5 2. Nf3 Nc6 3. Bb5 g6 4. O-O Bg7 5. c3 e6 6. d4 cxd4 7. cxd4 Qb6 8.
Bxc6 bxc6 9. Nc3 Ne7 10. e5 O-O 11. Ne4 Nd5 12. b3 f5 13. Nd6 a5 14. Bd2 Ba6
15. Re1 Bb5 16. a4 Ba6 17. Nc4 Bxc4 18. bxc4 Nb4 19. Bxb4 axb4 20. c5 Qa6 21.
Qb3 Bh6 22. Ra2 Rfb8 23. Rb1 Ra7 24. Ne1 Qa5 25. Nd3 Rab7 26. Nb2 Qa6 27. Nc4
Bf8 28. Rba1 Be7 29. a5 Rb5 30. Nb6 Rb7 31. f4 Ra7 32. Ra4 Kf7 33. h3 Qb7 34.
a6 Qb8 35. Rxb4 Rxb4 36. Qxb4 Bd8 37. Ra4 Ke8 38. Qa5 Bc7 39. Rb4 Qd8 40. g3 g5
41. Qa2 gxf4 42. gxf4 Qh4 43. Qg2 Kf7 44. Ra4 Qxf4 45. Nxd7 Bd8 46. Nb8 Bh4 47.
Nxc6 Ra8 48. a7 Qe3+ 49. Kh2 Qf4+ 50. Kh1 Qc1+ 51. Qg1 Qc2 52. Ra3 f4 53. Rf3
Qe4 54. Qg2 Rg8 55. Qxg8+ Kxg8 56. a8=Q+ Kg7 57. Qb7+ Kh6 58. Qb3 Qxc6 59. Kh2
Kg5 60. Qd3 Qb7 61. Qe2 h5 62. Qg2+ Bg3+ 63. Rxg3+ fxg3+ 64. Qxg3+ Kf5 65. Qd3+
Kg5 66. h4+ Kh6 67. Qd2+ Kh7 68. Qc2+ Kh8 69. c6 Qf7 70. Qd2 Kh7 71. Qd3+ Kh8
72. Qe3 Kh7 73. Qe4+ Kh8 74. Kg2 Qg7+ 75. Kf2 Qa7 76. Qe3 Kh7 77. Kf3 Qf7+ 78.
Qf4 Qc7 79. d5 exd5 80. Qf5+ Kg8 81. Qe6+ 1-0